Pittsburgh Steelers first round picks - Statistics

General Stats
  • This quiz has been taken 203 times
    181 since last reset
  • The average score is 18 of 53
Answer Stats
Year Position College Player % Correct
2017 LB Wisconsin T. J. Watt
88%
2004 QB Miami (OH) Ben Roethlisberger
83%
2019 LB Michigan Devin Bush
76%
2010 C Florida Maurkice Pouncey
76%
2011 DE Ohio State Cameron Heyward
72%
2005 TE Virginia Heath Miller
72%
2014 LB Ohio State Ryan Shazier
71%
1970 QB Louisiana Tech Terry Bradshaw
70%
1990 TE Liberty Eric Green
68%
1972 RB Penn State Franco Harris
65%
2018 S/LB Virginia Tech Terrell Edmunds
65%
2016 CB Miami Artie Burns
62%
2012 G Stanford David DeCastro
62%
1974 WR USC Lynn Swann
60%
2015 LB Kentucky Bud Dupree
58%
2008 RB Illinois Rashard Mendenhall
58%
2006 WR Ohio State Santonio Holmes
57%
1969 DT North Texas Joe Greene
55%
2003 DB USC Troy Polamalu
53%
2013 LB Georgia Jarvis Jones
47%
1988 DE Eastern Kentucky Aaron Jones
46%
2000 WR Michigan State Plaxico Burress
44%
1998 G LSU Alan Faneca
40%
2001 DT Texas Casey Hampton
38%
1987 DB Purdue Rod Woodson
38%
2007 LB Florida State Lawrence Timmons
37%
1994 WR Colorado Charles Johnson
28%
2009 DT Missouri Evander Hood
28%
1978 DB Eastern Michigan Ron Johnson
28%
1975 DB Michigan Dave Brown
22%
1984 WR Southern Mississippi Louis Lipps
21%
1968 OT USC Mike Taylor
16%
1999 WR Louisiana Tech Troy Edwards
13%
1980 QB Arizona State Mark Malone
11%
1995 TE Washington Mark Bruener
10%
2002 G Auburn Kendall Simmons
9%
1993 DB Colorado Deon Figures
8%
1971 WR Grambling Frank Lewis
8%
1983 DE Texas Tech Gabriel Rivera
8%
1989 RB Georgia Tim Worley
7%
1976 TE Clemson Bennie Cunningham
6%
1973 DB Florida State J. T. Thomas
6%
1985 DE Wisconsin Darryl Sims
5%
1996 OT North Carolina A&T Jamain Stephens
5%
1977 LB New Mexico Robin Cole
5%
1982 RB Baylor Walter Abercrombie
4%
1997 DB Maryland Chad Scott
3%
1979 RB Baylor Greg Hawthorne
3%
1991 DE Florida Huey Richardson
3%
1981 DE Oklahoma Keith Gary
3%
1992 OT Miami Leon Searcy
3%
1986 G Temple John Rienstra
1%
1989 OT Pittsburgh Tom Ricketts
1%
No matching quizzes found
Score Distribution
Percent of People with Each Score
Percentile by Number Answered
Your Score History
You have not taken this quiz since the last reset